• 首页
  • 本馆介绍
  • 公告通知
  • 最新文献
  • 馆藏检索
  • 电子资源
  • 读者导购
  • 参考咨询
  • 我的图书馆
  • 登录
  • 详细信息显示
  • 放入我的书架
  • 预约/预借图书
  • 作者相关作品
  • 分类相关作品
  • 丛书相关作品
  • 出版社相关作品

书目信息

  • 表格格式
  • 工作单格式
  • 卡片格式
题名:
考研英语写作高分突破
    
 
作者: 李春艳 主编
分册:  
出版信息: 北京   电子工业出版社  2015
页数: 212页
开本: 26cm
丛书名: 2016年名校名师考研英语辅导丛书
单 册:
中图分类: H319.36
科图分类:
主题词: 英语--Ying Yu--写作--硕士生--入学考试--升学参考资料
电子资源:
ISBN: 978-7-121-25405-5
000 01039nam0 22002531 450
001 351401
005 20161012141045.56
010    @a978-7-121-25405-5@dCNY46.00
100    @a20150403d2015 em y0chiy50 ea
101 0  @achi@aeng
102    @aCN@b110000
105    @ay z 000yy
106    @ar
200 1  @a考研英语写作高分突破@AKao Yan Ying Yu Xie Zuo Gao Fen Tu Po@e全新版@f李春艳主编
210    @a北京@c电子工业出版社@d2015
215    @a212页@d26cm
225 2  @a2016年名校名师考研英语辅导丛书@A2016Nian Ming Jiao Ming Shi Kao Yan Ying Yu Fu Dao Cong Shu
330    @a本书从字、词、句等方面详细分析了高分作文闪光点的成功之处,对用词错误、段落内容错误等方面有针对性地进行了归纳总结。书中还精心选取了120篇经典范文,内容涵盖当前各类热点和难点话题,供考生背诵与仿写。
461  0 @12001 @a2016年名校名师考研英语辅导丛书
606 0  @a英语@AYing Yu@x写作@x硕士生@x入学考试@j升学参考资料
690    @aH319.36@v5
701  0 @a李春艳@ALi Chun Yan@c(英语)@4主编
801  0 @aCN@bTANGWEI@c20160820
905    @b0894705-9@dH319.36@e123@f5
    
    考研英语写作高分突破:全新版/李春艳主编.-北京:电子工业出版社,2015
    212页;26cm.-(2016年名校名师考研英语辅导丛书)
    
    
    ISBN 978-7-121-25405-5:CNY46.00
    本书从字、词、句等方面详细分析了高分作文闪光点的成功之处,对用词错误、段落内容错误等方面有针对性地进行了归纳总结。书中还精心选取了120篇经典范文,内容涵盖当前各类热点和难点话题,供考生背诵与仿写。
●
相关链接 在E读中查询图书 在五车中查询图书 在当当中查询图书 在豆瓣中查询图书


正题名:考研英语写作高分突破     索取号:H319.36/123         预约/预借

序号 登录号 条形码 馆藏地/架位号 状态 备注
1 0894705   208947050   第二样本阅览室/ [索取号:H319.36/123] 在馆    
2 0894706   208947069   第四借阅区/ [索取号:H319.36/123] 在馆    
3 0894707   208947078   第四借阅区/ [索取号:H319.36/123] 在馆    
4 0894708   208947087   第四借阅区/ [索取号:H319.36/123] 在馆    
5 0894709   208947096   第四借阅区/ [索取号:H319.36/123] 在馆    
唐山师范学院图书馆 欢迎您!
大连网信软件有限公司© 版权所有